[Event "St Petersburg Spring op"]
[Site "St Petersburg"]
[Date "2012.03.29"]
[Round "8"]
[White "Efremova, Daria"]
[Black "Petrochenko, Maria"]
[Result "1/2-1/2"]
[WhiteElo "1899"]
[BlackElo "1576"]
[PlyCount "163"]
[EventDate "2012.03.22"]
[EventType "swiss"]
[EventRounds "9"]
[EventCountry "RUS"]
[SourceTitle "EXT 2013"]
[Source "ChessBase"]
[SourceDate "2012.11.22"]
[SourceVersion "1"]
[SourceVersionDate "2012.11.22"]
[SourceQuality "1"]

1. e4 c5 2. Nf3 Nc6 3. d4 cxd4 4. Nxd4 g6 5. Nc3 Bg7 6. Be3 Nf6 7. f3 0-0 8. Qd2 d5 9. exd5 Nxd5 10. Nxc6 bxc6 11. Nxd5 cxd5 12. c3 e6 13. h4 Qc7 14. h5 Qg3+ 15. Bf2 Qe5+ 16. Be2 Ba6 17. hxg6 fxg6 18. Qe3 Qxe3 19. Bxe3 Bxe2 20. Kxe2 Rab8 21. Rab1 a6 22. Kd3 Rfc8 23. Bd2 h5 24. Rh4 Kf7 25. b4 Bf6 26. Rhh1 Rc4 27. Rhe1 Rbc8 28. Rb3 d4 29. cxd4 Rxd4+ 30. Ke3 Rcd8 31. Bc1 Bg5+ 32. Kf2 Bxc1 33. Rxc1 Rd2+ 34. Kg3 Rxa2 35. b5 axb5 36. Rxb5 Rdd2 37. Rg1 Kf6 38. Kh3 g5 39. Kg3 Ra4 40. Re1 Raa2 41. Rg1 Rf2 42. Rc5 h4+ 43. Kh3 Rad2 44. Rc8 Rde2 45. Rf8+ Kg7 46. Ra8 Ra2 47. Rb8 Rae2 48. Rb4 Kg6 49. Rb8 e5 50. Rg8+ Kf6 51. Rf8+ Kg7 52. Rb8 e4 53. fxe4 Rxe4 54. Rb3 Kg6 55. Rc1 Ree2 56. Rg1 Kh5 57. Rb8 Re3+ 58. Kh2 Kg4 59. Rb4+ Kh5 60. Kh1 Rg3 61. Rb8 Kg4 62. Rh8 Re3 63. Rg8 Rg3 64. Rh8 Rd3 65. Rh7 Kg3 66. Rh8 Rdd2 67. Rg8 g4 68. Rg7 Rf5 69. Rh7 Rdf2 70. Ra7 Re2 71. Rg7 Rh5 72. Rg8 Rhe5 73. Rf8 Re1 74. Rff1 Rxf1 75. Rxf1 Re2 76. Rg1 Kf2 77. Kh2 g3+ 78. Kh1 Re1 79. Rxe1 Kxe1 80. Kg1 Ke2 81. Kh1 h3 82. Kg1 1/2-1/2

[Event "St Petersburg Spring op"]
[Site "St Petersburg"]
[Date "2012.03.27"]
[Round "6"]
[White "Efremova, Daria"]
[Black "Zotova, Natalia"]
[Result "1-0"]
[WhiteElo "1899"]
[BlackElo "1787"]
[PlyCount "101"]
[EventDate "2012.03.22"]
[EventType "swiss"]
[EventRounds "9"]
[EventCountry "RUS"]
[SourceTitle "EXT 2013"]
[Source "ChessBase"]
[SourceDate "2012.11.22"]
[SourceVersion "1"]
[SourceVersionDate "2012.11.22"]
[SourceQuality "1"]

1. e4 c5 2. Nf3 d6 3. d4 cxd4 4. Nxd4 Nc6 5. Nc3 g6 6. Be3 Nf6 7. f3 Bg7 8. Qd2 Bd7 9. 0-0-0 Rc8 10. Nb3 0-0 11. Bh6 a6 12. h4 b5 13. h5 Ne5 14. hxg6 fxg6 15. Bxg7 Kxg7 16. Qh6+ Kf7 17. Nd5 Nxd5 18. Qxh7+ Ke8 19. Rxd5 Be6 20. Rxe5 dxe5 21. Qxg6+ Bf7 22. Qxa6 Rg8 23. Qxb5+ Kf8 24. Qxe5 Qb6 25. Qf4 Qf2 26. Qd2 Qa7 27. Kb1 Ra8 28. a3 Qc7 29. Qh6+ Rg7 30. Qe3 Rd8 31. Rh8+ Bg8 32. Bd3 Rxg2 33. e5 Rxd3 34. Qxd3 Rg1+ 35. Ka2 Qxe5 36. Qc3 Qxc3 37. bxc3 Rg3 38. Kb2 Rxf3 39. a4 Kg7 40. Rh4 e5 41. Rg4+ Kf7 42. a5 Bh7 43. a6 Rf6 44. Ra4 Rf2 45. a7 Bxc2 46. Ka3 Rf3 47. a8Q Rxc3 48. Qd5+ Kf6 49. Ra6+ Kf5 50. Qd7+ Kf4 51. Qd2+ 1-0

[Event "EU-ch (Women) 10th"]
[Site "St Petersburg"]
[Date "2009.03.19"]
[Round "11"]
[White "Khropova, Larisa"]
[Black "Efremova, Daria"]
[Result "1-0"]
[WhiteElo "2060"]
[BlackElo "1910"]
[PlyCount "55"]
[EventDate "2009.03.08"]
[EventType "swiss"]
[EventRounds "11"]
[EventCountry "RUS"]
[SourceTitle "CBM 129 Extra"]
[Source "ChessBase"]
[SourceDate "2009.05.05"]
[SourceVersion "2"]
[SourceVersionDate "2009.05.20"]
[SourceQuality "1"]

1. Nf3 Nf6 2. d4 e6 3. Bg5 Be7 4. Nbd2 c5 5. e3 Nc6 6. c3 cxd4 7. exd4 d6 8. Be2 h6 9. Bh4 Nd5 10. Bxe7 Qxe7 11. 0-0 0-0 12. Re1 Nf4 13. Bf1 Qf6 14. g3 Ng6 15. h4 e5 16. Ne4 Qd8 17. dxe5 Ngxe5 18. Be2 d5 19. Nc5 b6 20. Nb3 Nc4 21. Qc2 Qf6 22. Nbd4 Bg4 23. Rad1 Rac8 24. Nxc6 Bf5 25. Ne7+ Qxe7 26. Qxf5 Nxb2 27. Ba6 Qc7 28. Rb1 1-0

[Event "St Petersburg Autumn op"]
[Site "St Petersburg"]
[Date "2009.??.??"]
[Round "1"]
[White "Efremova, Daria"]
[Black "Svidinsky, Dmitry"]
[Result "1/2-1/2"]
[WhiteElo "1880"]
[BlackElo "2110"]
[PlyCount "46"]
[EventDate "2009.10.??"]
[EventType "swiss"]
[EventRounds "9"]
[EventCountry "RUS"]
[SourceTitle "EXT 2011"]
[Source "ChessBase"]
[SourceDate "2010.11.26"]
[SourceVersion "1"]
[SourceVersionDate "2010.11.26"]
[SourceQuality "1"]

1. e4 c6 2. d4 d5 3. Nc3 dxe4 4. Nxe4 Bf5 5. Ng3 Bg6 6. h4 h6 7. h5 Bh7 8. Nf3 Nd7 9. Bd3 Bxd3 10. Qxd3 Qc7 11. Be3 0-0-0 12. 0-0-0 e6 13. Ne4 Ngf6 14. Nxf6 Nxf6 15. Qb3 Nd5 16. Ne5 c5 17. c4 Nxe3 18. fxe3 Bd6 19. Nf3 Rd7 20. Qa4 a6 21. Kb1 Rhd8 22. Ka1 Kb8 23. Rd3 Qc6 1/2-1/2

[Event "St Petersburg Autumn op"]
[Site "St Petersburg"]
[Date "2009.??.??"]
[Round "4"]
[White "Kharlamov, Igor1111"]
[Black "Efremova, Daria"]
[Result "1/2-1/2"]
[WhiteElo "1960"]
[BlackElo "1880"]
[PlyCount "158"]
[EventDate "2009.10.??"]
[EventType "swiss"]
[EventRounds "9"]
[EventCountry "RUS"]
[SourceTitle "EXT 2011"]
[Source "ChessBase"]
[SourceDate "2010.11.26"]
[SourceVersion "1"]
[SourceVersionDate "2010.11.26"]
[SourceQuality "1"]

1. d4 Nf6 2. Nf3 e6 3. g3 b6 4. Bg2 Bb7 5. 0-0 c5 6. e3 Be7 7. b3 0-0 8. Bb2 Na6 9. c4 cxd4 10. exd4 b5 11. cxb5 Nb4 12. Nbd2 Rc8 13. Nc4 d5 14. Nce5 Qb6 15. a4 a6 16. Nc6 Nxc6 17. bxc6 Rxc6 18. Ne5 Rc7 19. a5 Qb5 20. Re1 Bb4 21. Bf1 Qe8 22. Re3 Ne4 23. f3 Nc3 24. Qd2 Na2 25. Qf2 Nc3 26. Qd2 Na2 27. Qd3 Nc3 28. Qd2 Na2 29. Qg2 Nc3 30. Nd3 Bd6 31. Rc1 Qc8 32. Qd2 Nb5 33. Ree1 Bc6 34. Nc5 Re8 35. f4 Be7 36. Nd3 Nd6 37. Nc5 Ne4 38. Nxe4 dxe4 39. Bc4 Qb7 40. Qe2 Ra8 41. Bc3 Bd5 42. Rb1 Qc8 43. Bd2 Raa7 44. Rec1 Rc6 45. Bxd5 exd5 46. Rxc6 Qxc6 47. Rc1 Qd7 48. Be1 Bd6 49. Kg2 g6 50. b4 Qa4 51. Qc2 Qa3 52. Qc3 Qxc3 53. Rxc3 Rc7 54. Rxc7 Bxc7 55. Kf2 Kf8 56. b5 axb5 57. a6 Bb8 58. Bb4+ Ke8 59. Bc5 h5 60. a7 Bxa7 61. Bxa7 Kd7 62. Bc5 Ke6 63. Bb4 Kf5 64. Bd2 h4 65. Be1 Kg4 66. Ke3 h3 67. Bd2 Kf5 68. Bb4 Kg4 69. Be7 Kf5 70. Bb4 Kg4 71. Ba5 Kf5 72. Be1 Kg4 73. Ke2 Kf5 74. Bd2 Kg4 75. Kf2 Kf5 76. Bb4 Kg4 77. Ke2 Kf5 78. Be7 Kg4 79. Ba3 Kf5 1/2-1/2

[Event "St Petersburg Autumn op"]
[Site "St Petersburg"]
[Date "2009.??.??"]
[Round "8"]
[White "Simko, Vladimir"]
[Black "Efremova, Daria"]
[Result "0-1"]
[WhiteElo "1975"]
[BlackElo "1880"]
[PlyCount "78"]
[EventDate "2009.10.??"]
[EventType "swiss"]
[EventRounds "9"]
[EventCountry "RUS"]
[SourceTitle "EXT 2011"]
[Source "ChessBase"]
[SourceDate "2010.11.26"]
[SourceVersion "1"]
[SourceVersionDate "2010.11.26"]
[SourceQuality "1"]

1. e4 e6 2. d4 d5 3. Nc3 Nf6 4. Bg5 Bb4 5. e5 h6 6. Bd2 Bxc3 7. Bxc3 Ne4 8. Qg4 Qg5 9. h3 b6 10. Bd3 Nxc3 11. bxc3 Ba6 12. f4 Qxg4 13. hxg4 c5 14. Nf3 Bxd3 15. cxd3 Nc6 16. dxc5 bxc5 17. Rb1 Rb8 18. Rxb8+ Nxb8 19. Kd2 Kd7 20. g5 Nc6 21. gxh6 gxh6 22. Ng5 Ke7 23. Rh5 Rb8 24. Rxh6 Rb2+ 25. Ke3 Rxg2 26. Rh7 Nd8 27. a4 a5 28. Kf3 Rc2 29. c4 dxc4 30. dxc4 Rc3+ 31. Kg4 Rxc4 32. Rh1 Rxa4 33. Nh7 Nc6 34. Nf6 Nxe5+ 35. Kg5 Nf3+ 36. Kg4 Kxf6 37. Kxf3 c4 38. Rc1 Kf5 39. Rc3 Rb4 0-1

[Event "Chigorin Memorial 16th"]
[Site "St Petersburg"]
[Date "2008.10.08"]
[Round "6"]
[White "Efremova, Daria"]
[Black "Donskov, Anatoly"]
[Result "0-1"]
[WhiteElo "1933"]
[BlackElo "2131"]
[PlyCount "94"]
[EventDate "2008.10.03"]
[EventType "swiss"]
[EventRounds "9"]
[EventCountry "RUS"]
[SourceTitle "CBM 126 Extra"]
[Source "ChessBase"]
[SourceDate "2008.11.05"]
[SourceVersion "1"]
[SourceVersionDate "2008.11.05"]
[SourceQuality "1"]

1. e4 e6 2. d3 d5 3. Nd2 c5 4. Ngf3 Nc6 5. g3 g6 6. Bg2 Bg7 7. 0-0 Nge7 8. h3 b6 9. Nh2 Bb7 10. c3 Qc7 11. exd5 exd5 12. Ndf3 0-0 13. Bf4 Qd7 14. Ng4 Nf5 15. Qd2 h5 16. Nh6+ Nxh6 17. Bxh6 d4 18. c4 Ne7 19. Bxg7 Kxg7 20. b4 Rae8 21. bxc5 bxc5 22. Rab1 Bxf3 23. Bxf3 Qxh3 24. Qf4 Ng8 25. Rb7 a6 26. Bg2 Qe6 27. Rfb1 Qe2 28. Bd5 Nf6 29. R1b6 Nxd5 30. cxd5 Qe5 31. Qxe5+ Rxe5 32. Rxa6 Rxd5 33. Rc7 Rb8 34. Ra5 Rb1+ 35. Kg2 Rd1 36. Raxc5 Rd8 37. Ra5 Rxd3 38. Raa7 Rf8 39. a4 Ra3 40. Rd7 d3 41. a5 Kf6 42. a6 Ke5 43. Kf3 Re8 44. Rab7 Rxa6 45. Rxd3 Kf6 46. Rdd7 Ra3+ 47. Kf4 g5# 0-1

[Event "Chigorin Memorial 16th"]
[Site "St Petersburg"]
[Date "2008.10.05"]
[Round "3"]
[White "Efremova, Daria"]
[Black "Zykova, Antonina"]
[Result "0-1"]
[WhiteElo "1933"]
[BlackElo "2092"]
[PlyCount "58"]
[EventDate "2008.10.03"]
[EventType "swiss"]
[EventRounds "9"]
[EventCountry "RUS"]
[SourceTitle "CBM 126 Extra"]
[Source "ChessBase"]
[SourceDate "2008.11.05"]
[SourceVersion "1"]
[SourceVersionDate "2008.11.05"]
[SourceQuality "1"]

1. e4 c5 2. Nf3 e6 3. g3 Nc6 4. d3 d5 5. Nbd2 Nf6 6. Bg2 b6 7. 0-0 Bb7 8. c3 Be7 9. Re1 Qc7 10. e5 Nd7 11. Qe2 h6 12. Nf1 0-0-0 13. a3 g5 14. h3 Rdg8 15. b4 h5 16. b5 Na5 17. N3d2 Nf8 18. Bb2 h4 19. d4 g4 20. hxg4 hxg3 21. fxg3 f6 22. Rac1 fxe5 23. dxe5 Rg5 24. Nh2 c4 25. Ndf3 Bc5+ 26. Nd4 Qh7 27. Nf1 Nd7 28. Rcd1 Rxe5 29. Qf2 Rxe1 0-1

[Event "Chigorin Memorial 16th"]
[Site "St Petersburg"]
[Date "2008.10.04"]
[Round "1"]
[White "Efremova, Daria"]
[Black "Sudakova, Irina"]
[Result "0-1"]
[WhiteElo "1933"]
[BlackElo "2349"]
[PlyCount "76"]
[EventDate "2008.10.03"]
[EventType "swiss"]
[EventRounds "9"]
[EventCountry "RUS"]
[SourceTitle "CBM 126 Extra"]
[Source "ChessBase"]
[SourceDate "2008.11.05"]
[SourceVersion "1"]
[SourceVersionDate "2008.11.05"]
[SourceQuality "1"]

1. e4 c5 2. Nf3 d6 3. d4 cxd4 4. Qxd4 a6 5. Be3 Nf6 6. Nc3 Nc6 7. Qd2 Ng4 8. Bf4 e5 9. Bg5 f6 10. h3 fxg5 11. hxg4 Be7 12. Bc4 Bxg4 13. 0-0-0 Bxf3 14. gxf3 Nd4 15. Ne2 Bf6 16. Ng3 Qc7 17. Bd5 Nxf3 18. Qb4 Nd4 19. c3 0-0-0 20. Qxb7+ Qxb7 21. Bxb7+ Kxb7 22. cxd4 exd4 23. Nf5 d5 24. Nxd4 dxe4 25. Nb3 Rxd1+ 26. Rxd1 Rd8 27. Rh1 Rc8+ 28. Kb1 h6 29. Re1 h5 30. Rxe4 h4 31. Re1 h3 32. Rh1 g4 33. f3 gxf3 34. Rxh3 f2 35. Rf3 Bh4 36. Nd2 g5 37. Ne4 g4 38. Rf4 g3 0-1

[Event "St Petersburg March op"]
[Site "St Petersburg"]
[Date "2008.03.27"]
[Round "6"]
[White "Efremova, Daria"]
[Black "Martynov, Pavel1111"]
[Result "1-0"]
[WhiteElo "1958"]
[BlackElo "1971"]
[PlyCount "87"]
[EventDate "2008.03.22"]
[EventType "swiss"]
[EventRounds "9"]
[EventCountry "RUS"]
[SourceTitle "EXT 2010"]
[Source "ChessBase"]
[SourceDate "2010.11.25"]
[SourceVersion "1"]
[SourceVersionDate "2010.11.25"]
[SourceQuality "1"]

1. d4 Nf6 2. Nf3 g6 3. Bg5 Bg7 4. Nbd2 0-0 5. e4 d6 6. c3 Nbd7 7. Be2 e5 8. dxe5 dxe5 9. 0-0 c6 10. Qc2 Qc7 11. Rfe1 Nc5 12. Bf1 Ne6 13. Be3 Ng4 14. Bg5 Nxg5 15. Nxg5 h6 16. Ngf3 Be6 17. h3 Nf6 18. Bc4 Bxc4 19. Nxc4 Nd7 20. b4 f5 21. Rad1 Rad8 22. Nh4 b5 23. Nb2 Rf6 24. exf5 gxf5 25. Nxf5 Rdf8 26. Nxg7 Kxg7 27. Qe2 Rg6 28. c4 Kh8 29. Qd3 Rg7 30. Qd6 Qb6 31. c5 Qa6 32. Qe6 Qa3 33. Nd3 Rf6 34. Qe8+ Kh7 35. Re3 Qxa2 36. Rg3 Rff7 37. Rxg7+ Kxg7 38. f3 Qb3 39. Nf2 Nf6 40. Qxe5 Qxb4 41. Ne4 Kg6 42. Rd6 Qe1+ 43. Kh2 Qh4 44. g3 1-0